000 00630nam a2200205 i 4500
001 15051
003 ES-MaACL
005 20251002203252.0
007 t|
008 991213s1965 sp ||||1| spa d
080 _a73 Barral, Emiliano
080 _a92 Barral, Emiliano
100 1 _aDíaz Pardo, Isaac.
_944381
245 1 3 _aEl escultor Emiliano Barral /
_cIsaac Díaz Pardo.
260 _aOsedo, La Coruña :
_bEdiciones del Castro,
_c[1965]
300 _a29 p., [22] p. de lám. :
_bil. ;
_c16 cm.
600 0 4 _aBarral, Emiliano,
_d1896-1936
_925834
852 _aES-MaACL
_jL-22267
_bR.125553
999 _c15051
_d15051